Statistics for Countries That Committed The Biggest Genocides

Click here to take the quiz!

General Stats

  • This quiz has been taken 150 times
  • The average score is 6 of 10

Answer Stats

DeadLocationCountry% Correct
7,0 milEuropeGermany
97%
1,0 milAsiaChina
84%
800,000AfricaRwanda
74%
1,2 milS. AmericaArgentina / Brazil
63%
5,0 milEuropeSoviet Union
60%
3,0 milAsiaCambodia
56%
500,000AfricaSudan
47%
5,0 milAfricaBelgium
43%
1,5 milAsiaOttoman Empire
40%
3,0 milAsiaBangladesh
16%

Score Distribution

Percentile by Number Answered

Percent of People with Each Score

Your Score History

You have not taken this quiz